000 02146nam a2200517 i 4500
001 40563
003 KOSZ 005
005 20220328095308.0
008 201204s1998 pl a f 001 0 pol
015 _aUWD 1998/12423
020 _a832042271X
035 _a991005517889705066
035 _a(PL-WaBN)b11442293-48omnis_nlop
035 _ab11442293
035 _a(OCoLC)69629118
035 _a(PL)b0000001144229
035 _a(EXLNZ-48OMNIS_NETWORK)9910096958605606
040 _aWA N
_cWA N
_dKOSZ 005/RW
046 _k1983
080 _a538.9
080 _a(075.8)
100 1 _aOleś, Andrzej
_d(1923-2014)
_eAutor
245 1 0 _aMetody doświadczalne fizyki ciała stałego /
_cAndrzej Oleś.
250 _aWydanie 2 zmienione i uzupełnione.
260 _aWarszawa :
_bWydawnictwa Naukowo-Techniczne,
_c1998.
300 _a510 stron, [8] stron tablic kolorowych :
_bfotografie, rysunki, wykresy ;
_c25 cm.
336 _aTekst
_btxt
_2rdacontent
337 _aBez urządzenia pośredniczącego
_bn
_2rdamedia
338 _aWolumin
_bnc
_2rdacarrier
380 _aKsiążki
380 _aPublikacje dydaktyczne
385 _mPoziom nauczania
_aSzkoły wyższe
388 1 _a1901-2000
388 1 _a1989-2000
500 _aWydanie 1 pt. : Metody eksperymentalne fizyki ciała stałego.
504 _aBibliografia przy rozdziałach. Indeks.
521 8 _aKsiążka jest przeznaczona dla studentów kierunków fizyki i chemii oraz niektórych wydziałów uczelni technicznych. Mogą z niej także korzystać fizycy i inżynierowie pracujący w instytutach badawczych i laboratoriach przemysłowych. Będzie również stanowiła cenną pomoc dla wykładowców nauk przyrodniczych w wyższych uczelniach.
650 7 _aFizyka ciała stałego
_2DBN
650 7 _aFizyka doświadczalna
_2DBN
655 7 _aPodręczniki akademickie
_2DBN
658 _aFizyka i astronomia
710 2 _aWydawnictwa Naukowo-Techniczne
_4pbl
856 _uhttp://koha.tu.koszalin.pl/cgi-bin/koha/opac-detail.pl?biblionumber=40563
_yKatalog online BPK
942 _2UKD
_cKS
999 _c40563
_d40563